Die kleine übung. Tägliche studien für die sopranblockflöte
Saved in:
| Hovedforfatter: | |
|---|---|
| Format: | Bog |
| Sprog: | tysk |
| Udgivet: |
Mainz
B. Schott's Söhne
1960
|
| Serier: | Edition Schott, 4882
|
| Fag: | |
| Tags: |
Tilføj Tag
Ingen Tags, Vær først til at tagge denne postø!
|
MARC
| LEADER | 00000nam a2200000 a 4500 | ||
|---|---|---|---|
| 001 | UCN9753 | ||
| 003 | CL-VaPUC | ||
| 005 | 20220106111813.0 | ||
| 008 | 011221e19600000GW |||||||||||||||||ger|d | ||
| 999 | |c 298991 |d 298989 | ||
| 040 | |c Pontificia Universidad Católica de Valparaíso | ||
| 082 | 0 | 4 | |a Fd788.364193 LIN 1960 |2 21 |
| 100 | |a Linde, Hans-Martin |e autor |9 466378 | ||
| 245 | 1 | 4 | |a Die kleine übung. Tägliche studien für die sopranblockflöte |
| 260 | |a Mainz |b B. Schott's Söhne |c 1960 | ||
| 300 | |a 31 p | ||
| 490 | 0 | |a Edition Schott, 4882 | |
| 583 | |a last modification |c 20011221 00:00:00 |k Rodrigo Vera | ||
| 650 | 7 | |a FLAUTA DULCE SOPRANO - PEDAGOGIA INSTRUMENTAL |2 CL-VaPUC |9 466361 | |
| 650 | 7 | |a FLAUTA DULCE SOPRANO - REPERTORIO PROGRESIVO |2 CL-VaPUC |9 466362 | |
| 650 | 7 | |a FLAUTA DULCE SOPRANO - TECNICAS DE EJECUCION |2 CL-VaPUC |9 466363 | |
| 650 | 7 | |a FLAUTA DULCE SOPRANO - EJERCICIOS Y ESTUDIOS |2 CL-VaPUC |9 466364 | |
| 650 | 7 | |a FLAUTA DULCE SOPRANO - INTERPRETACION |2 CL-VaPUC |9 466365 | |
| 942 | |c BK |2 ddc | ||
| 945 | |d 20011221 00:00:00 |a lriquelm | ||
| 952 | |0 0 |1 0 |4 0 |6 FD_788_364193000000000_LIN_1960 |7 0 |8 F |9 355096 |a BIBEDU |b BIBEDU |d 2019-11-21 |i 1154001 |o Fd788.364193 LIN 1960 |p 1154001 |r 2023-11-22 |w 2019-11-21 |y BK_F |k MUS | ||
| 952 | |0 0 |1 0 |4 0 |6 FD_788_364193000000000_LIN_1960 |7 0 |8 F |9 355097 |a BIBEDU |b BIBEDU |d 2019-11-21 |i 115401K |o Fd788.364193 LIN 1960 |p 115401K |r 2023-11-22 |w 2019-11-21 |y BK_F |k MUS | ||
| 952 | |0 0 |1 0 |4 0 |6 FD_788_364193000000000_LIN_1960 |7 0 |8 F |9 355098 |a BIBEDU |b BIBEDU |d 2019-11-21 |i 1154028 |o Fd788.364193 LIN 1960 |p 1154028 |r 2023-11-22 |w 2019-11-21 |y BK_F |k MUS | ||
| 952 | |0 0 |1 0 |4 0 |6 FD_788_364193000000000_LIN_1960 |7 0 |8 F |9 355099 |a BIBEDU |b BIBEDU |d 2019-11-21 |i 1154036 |o Fd788.364193 LIN 1960 |p 1154036 |r 2023-11-22 |w 2019-11-21 |y BK_F |k MUS | ||
| 952 | |0 0 |1 0 |4 0 |6 FD_788_364193000000000_LIN_1960 |7 0 |8 F |9 355100 |a BIBEDU |b BIBEDU |d 2019-11-21 |i 1154044 |o Fd788.364193 LIN 1960 |p 1154044 |r 2023-11-22 |w 2019-11-21 |y BK_F |k MUS | ||
| 952 | |0 0 |1 0 |4 0 |6 FD_788_364193000000000_LIN_1960 |7 0 |8 F |9 355101 |a BIBEDU |b BIBEDU |d 2019-11-21 |i 1154052 |o Fd788.364193 LIN 1960 |p 1154052 |r 2023-11-22 |w 2019-11-21 |y BK_F |k MUS | ||
| 952 | |0 0 |1 0 |4 0 |6 FD_788_364193000000000_LIN_1960 |7 0 |8 F |9 355102 |a BIBEDU |b BIBEDU |d 2019-11-21 |i 1154060 |o Fd788.364193 LIN 1960 |p 1154060 |r 2022-01-17 |w 2019-11-21 |y BK_F |k MUS | ||
| 952 | |0 0 |1 0 |4 0 |6 FD_788_364193000000000_LIN_1960 |7 0 |8 F |9 355104 |a BIBEDU |b BIBEDU |d 2019-11-21 |i 1154087 |o Fd788.364193 LIN 1960 |p 1154087 |r 2023-11-22 |w 2019-11-21 |y BK_F |k MUS | ||
| 952 | |0 0 |1 0 |4 0 |6 FD_788_364193000000000_LIN_1960 |7 0 |8 F |9 355105 |a BIBEDU |b BIBEDU |d 2019-11-21 |i 1154095 |o Fd788.364193 LIN 1960 |p 1154095 |r 2023-11-22 |w 2019-11-21 |y BK_F |k MUS | ||
| 952 | |0 0 |1 0 |4 0 |6 FD_788_364193000000000_LIN_1960 |7 0 |8 F |9 355106 |a BIBEDU |b BIBEDU |d 2019-11-21 |i 1154109 |o Fd788.364193 LIN 1960 |p 1154109 |r 2023-11-22 |w 2019-11-21 |y BK_F |k MUS | ||
| 952 | |0 0 |1 0 |4 0 |6 FD_788_364193000000000_LIN_1960 |7 0 |8 F |9 355107 |a BIBEDU |b BIBEDU |d 2019-11-21 |i 1154117 |o Fd788.364193 LIN 1960 |p 1154117 |r 2023-11-22 |w 2019-11-21 |y BK_F |k MUS | ||